|
|
|
|
| LEADER |
00000cam a2200000 7i4500 |
| 001 |
0000005228 |
| 002 |
000005650 |
| 005 |
20000330.0 |
| 020 |
|
|
|a 967978312X
|
| 090 |
0 |
0 |
|a 616.8498
|b WON
|
| 100 |
1 |
|
|a Wong, Moses
|f Dr
|
| 245 |
1 |
0 |
|a Sleep without drugs
|c Dr.Moses Wong
|
| 260 |
|
|
|a Petaling Jaya :
|b Pelanduk Publcations(M) Sdn Bhd ,
|c 1990
|
| 300 |
|
|
|a 133p. ;
|c 21cm.
|
| 650 |
0 |
0 |
|a Insomnia
|
| 650 |
0 |
0 |
|a Sleep disorders
|
| 999 |
|
|
|a 032272
|b BUKU
|c PINJAMAN
|e PERPUSTAKAAN KOMUNITI PETALING JAYA
|
| 999 |
|
|
|a 037689
|b BUKU
|c PINJAMAN
|e PERPUSTAKAAN KOMUNITI PETALING JAYA
|
| 999 |
|
|
|a 042868
|b BUKU
|c PINJAMAN
|e PERPUSTAKAAN KOMUNITI PETALING JAYA
|